Laboratory investigations for biology / (Record no. 14761)
[ view plain ]
| 000 -LEADER | |
|---|---|
| fixed length control field | 00415nam a2200145Ia 4500 |
| 020 ## - INTERNATIONAL STANDARD BOOK NUMBER | |
| ISBN | 0805309225 |
| 040 ## - CATALOGING SOURCE | |
| Transcribing agency | TXH |
| 082 ## - DEWEY DECIMAL CLASSIFICATION NUMBER | |
| Classification number | 570 BEN 1995 A061 Or. |
| 100 1# - MAIN ENTRY--AUTHOR NAME | |
| Personal name | Dickey, Jean |
| 245 10 - TITLE STATEMENT | |
| Title | Laboratory investigations for biology / |
| 260 ## - PUBLICATION, DISTRIBUTION, ETC. (IMPRINT) | |
| Place of publication | Redwood City, Calif. : |
| Name of publisher | The Benjamin/Cummings Pub. Co., |
| Year of publication | c1995 |
| 300 ## - PHYSICAL DESCRIPTION | |
| Number of Pages | 1 v. (various pagings) : |
| Other physical details | ill. (some col.) ; |
| Dimensions | 28 cm |
| 650 #0 - SUBJECT ADDED ENTRY--TOPICAL TERM | |
| Topical Term | Biology |
| 942 ## - ADDED ENTRY ELEMENTS (KOHA) | |
| Koha item type | សៀវភៅភាសាអង់គ្លេស |
| 952 ## - LOCATION AND ITEM INFORMATION (KOHA) | |
| Withdrawn status [LOCAL, KOHA] | 0 |
| Permanent Location | Date acquired | Koha item type | Lost status | Shelving location | Barcode | Current Location | Full call number |
|---|---|---|---|---|---|---|---|
| Library Block A | 2017-10-25 | សៀវភៅភាសាអង់គ្លេស | A061 | A22149 | Library Block A | 570 BEN 1995 A061 Or. |